Plan estratégico de Publicidad y Promoción para el período 2008 en la Empresa Ensalada's

Presenta un Plan estratégico de publicidad y promoción en la empresa ensalada's el cual contribuye a mejorar la situación actual de la empresa, para ello se realizó un diagnóstico situacional, el cual es un proceso de generación de información que permite conocer las variables internas y...

Full description

Bibliographic Details
Main Authors: López Madrigal, Ericka María, Valenzuela Zamora, Heylin Elisa, Valverde Aguirre, Karla Vanessa
Other Authors: Tutor: Zúñiga Morales, Gonzalo de Jesús
Format: Tesis Section = Libro
Language:Undetermined
Spanish
Published: Managua UNI 2008
Subjects:
LEADER 01408nam a2200277Ia 4500
008 240830s9999 xx 000 0 und d
040 |a BIBLIOTECA-RUPAP T.Mon 659 L864 
041 |a spa 
082 |a T.Mon 659 L864 
100 1 |a López Madrigal, Ericka María 
100 1 |b  Valenzuela Zamora, Heylin Elisa 
100 1 |c  Valverde Aguirre, Karla Vanessa 
245 1 0 |a Plan estratégico de Publicidad y Promoción para el período 2008 en la Empresa Ensalada's 
260 |a Managua  |b UNI  |c 2008 
300 |a 87 p. :il. 
502 |a Tesis (Ingeniero de Sistemas)- UNI, 2008. 
520 3 |a Presenta un Plan estratégico de publicidad y promoción en la empresa ensalada's el cual contribuye a mejorar la situación actual de la empresa, para ello se realizó un diagnóstico situacional, el cual es un proceso de generación de información que permite conocer las variables internas y externas para determinar tanto las fortalezas y debilidades de Ensalada's, así como sus oportunidades y amenazas. 
650 7 |a PUBLICIDAD Y PROMOCIÓN - PLAN ESTRATÉGICO - EMPRESA ENSALADA'S 
650 7 |b CANALES DE DISTRIBUCION 
650 7 |c INVESTIGACION DE MERCADO 
650 7 |d INSTRUMENTOS DE MEDICIÓN - PLAN ESTRATEGICO 
650 7 |e COSTO - MEDIOS DE PUBLICIDAD Y PROMOCIÓN 
700 1 |a Tutor:  |b Zúñiga Morales, Gonzalo de Jesús  
942 |c BK  |2 ddc 
991 |a TESIS 
999 |c 18778